Länder in der Nähe von Südkorea - Statistiken

Allgemein
  • Dieses Quiz wurde 197 mal gespielt
  • Das Durchschnittsergebnis liegt bei 17 aus 21
Antwortstatistiken
km Land % Korrekt
0 Nordkorea
100%
263 China
99%
50 Japan
99%
455 Russland
97%
2221 Vietnam
95%
1434 Philippinen
92%
2712 Indien
91%
3334 Indonesien
90%
1040 Mongolei
90%
2603 Laos
88%
990 Taiwan
88%
2766 Thailand
88%
3014 Malaysia
86%
2789 Kambodscha
81%
3301 Bangladesch
79%
2615 Birma
78%
3323 Bhutan
75%
3334 Brunei
69%
3217 Kasachstan
58%
2879 Mikronesien
37%
2956 Palau
37%
Keine übereinstimmenden Quizze gefunden
Verteilung der Resultate
Anzahl Personen mit jedem Resultat
Perzentil nach korrekt beantworteten Fragen
Ihre Resultats-Entwicklung
Sie haben dieses Quiz noch nicht gespielt